[Event "4NCL/Div1/BET vs. BAR1"]
[Site "West Bromwich ENG"]
[Date "2003.05.04"]
[Round "10.6"]
[White "Rogers, Jonathan W"]
[Black "Eames, Robert G"]
[Result "1-0"]
[WhiteElo "2346"]
[BlackElo "2313"]
[PlyCount "77"]
[EventDate "2003.05.04"]

1. e4 c5 2. Nf3 d6 3. Bc4 Nf6 4. d3 e6 5. O-O Be7 6. Nc3 O-O 7. a3 Nc6 8. Ba2
Rb8 9. h3 b5 10. Bg5 h6 11. Bh4 b4 12. axb4 Rxb4 13. Qc1 Qb6 14. Nd1 Ba6 15.
Re1 Rc8 16. Nd2 Ne5 17. Ne3 Rxb2 18. f4 Rxa2 19. Rxa2 Ng6 20. Bf2 Nxf4 21. Qa1
Bb5 22. Rxa7 Qd8 23. Rb1 Bc6 24. Qa6 Bf8 25. Nec4 N6h5 26. Nf3 f5 27. Na5 Ba8
28. Nb7 Qe8 29. exf5 exf5 30. Re1 Qg6 31. Nh4 Nxh3+ 32. Kf1 Qg4 33. gxh3 Qxh3+
34. Ng2 Qh1+ 35. Bg1 Ng3+ 36. Kf2 d5 37. Qe6+ Kh7 38. Qxc8 f4 39. Qxf8 1-0

[Event "4NCL/Div1/BET vs. BAR1"]
[Site "West Bromwich ENG"]
[Date "2003.05.04"]
[Round "10.7"]
[White "Ledger, David J"]
[Black "Knott, Simon"]
[Result "1-0"]
[WhiteElo "2299"]
[BlackElo "2391"]
[PlyCount "89"]
[EventDate "2003.05.04"]

1. e4 e6 2. d4 d5 3. Nc3 Bb4 4. e5 c5 5. a3 Bxc3+ 6. bxc3 Nc6 7. Qg4 g6 8. a4
Bd7 9. h4 Qa5 10. Bd2 O-O-O 11. Qf4 Rf8 12. Bb5 c4 13. Bxc6 Bxc6 14. h5 gxh5
15. Rxh5 f5 16. Qg5 Qc7 17. Ne2 Rf7 18. Nf4 Rg7 19. Qh4 Rg4 20. Qh2 Qe7 21. f3
Rg7 22. Kf2 Be8 23. Rh3 h6 24. a5 Rgh7 25. Qg3 Bf7 26. Ke2 Qd8 27. Qe1 Ne7 28.
Qb1 Nc6 29. Kf2 Nxa5 30. Qb5 Nc6 31. Rhh1 Rg8 32. Rhb1 Be8 33. Qc5 Rc7 34. Nxe6
Qh4+ 35. Ke3 Rxg2 36. Be1 Qh2 37. Nf4 Nxe5 38. Qxd5 Nc6 39. Qxf5+ Bd7 40. Qf8+
Nd8 41. Nxg2 Qxg2 42. Bh4 Kb8 43. Bxd8 Qxc2 44. Bxc7+ Kxc7 45. Qc5+ 1-0

[Event "4NCL/Div1/BET vs. BAR1"]
[Site "West Bromwich ENG"]
[Date "2003.05.04"]
[Round "10.8"]
[White "Lauterbach, Ingrid"]
[Black "Tidman, Sophie"]
[Result "1-0"]
[WhiteElo "2144"]
[BlackElo "2129"]
[PlyCount "65"]
[EventDate "2003.05.04"]

1. Nf3 e6 2. g3 c5 3. Bg2 Nc6 4. d3 g6 5. O-O Bg7 6. e4 Nge7 7. c3 O-O 8. Be3
b6 9. d4 d6 10. dxc5 bxc5 11. Qd2 Ba6 12. Rd1 Qb6 13. Na3 Rfd8 14. b4 Nxb4 15.
Rab1 Qa5 16. cxb4 Qxa3 17. Rb3 Qa4 18. bxc5 d5 19. e5 Nf5 20. Bg5 Rdc8 21. Rc1
h6 22. Bf6 Bf8 23. Rbc3 Kh7 24. h3 Rc7 25. g4 Ng7 26. Nd4 Rac8 27. Nb3 Bc4 28.
Bf1 Bxb3 29. axb3 Qa5 30. Qf4 Rxc5 31. b4 Qa4 32. Bxg7 Bxg7 33. Rxc5 1-0

[Event "4NCL/Div1/SLO1 vs. GUI1"]
[Site "West Bromwich ENG"]
[Date "2003.05.04"]
[Round "10.1"]
[White "Wells, Peter K"]
[Black "Conquest, Stuart C"]
[Result "1/2-1/2"]
[WhiteElo "2487"]
[BlackElo "2556"]
[PlyCount "68"]
[EventDate "2003.05.04"]

1. d4 d5 2. c4 c6 3. Nc3 Nf6 4. e3 a6 5. Qc2 b5 6. b3 Bg4 7. Nge2 Nbd7 8. Ng3
h5 9. h3 Be6 10. e4 b4 11. Na4 h4 12. exd5 cxd5 13. Ne2 g6 14. Nf4 Bf5 15. Bd3
Bxd3 16. Nxd3 dxc4 17. bxc4 a5 18. O-O Bg7 19. Re1 Rc8 20. Qb3 O-O 21. Bg5 Nb6
22. Nxb6 Qxb6 23. c5 Qb5 24. Rad1 Rcd8 25. Nf4 a4 26. Qb1 Rd7 27. Bxh4 Rfd8 28.
c6 Qxc6 29. Qxb4 Qd6 30. Qxd6 Rxd6 31. d5 Nxd5 32. Nxd5 Rxd5 33. Rxd5 Rxd5 34.
Bxe7 Rd2 1/2-1/2

[Event "4NCL/Div1/SLO1 vs. GUI1"]
[Site "West Bromwich ENG"]
[Date "2003.05.04"]
[Round "10.2"]
[White "Kosten, Anthony C"]
[Black "Houska, Jovanka"]
[Result "1/2-1/2"]
[WhiteElo "2545"]
[BlackElo "2386"]
[PlyCount "67"]
[EventDate "2003.05.04"]

1. c4 c6 2. e4 d5 3. exd5 cxd5 4. d4 Nf6 5. Nc3 e6 6. Nf3 Bb4 7. cxd5 Nxd5 8.
Qc2 Qc7 9. Bd2 Nd7 10. Bd3 Bxc3 11. bxc3 b6 12. O-O Bb7 13. Rfe1 N5f6 14. Ne5
O-O 15. Nxd7 Qxd7 16. Bg5 Qd5 17. f4 Rfc8 18. Bxf6 Rxc3 19. Bxh7+ Kh8 20. Qe4
gxf6 21. Qxd5 Bxd5 22. Be4 Rd8 23. f5 Bxe4 24. Rxe4 exf5 25. Rf4 Kg7 26. Raf1
Rd3 27. Rxf5 Rd6 28. R1f4 R3xd4 29. Rxf6 Rd1+ 30. Rf1 Rxf1+ 31. Rxf1 Rd2 32.
Rf2 Rd1+ 33. Rf1 Rd2 34. Rf2 1/2-1/2

[Event "4NCL/Div1/SLO1 vs. GUI1"]
[Site "West Bromwich ENG"]
[Date "2003.05.04"]
[Round "10.3"]
[White "McNab, Colin A"]
[Black "Stefanova, Antoaneta"]
[Result "1-0"]
[WhiteElo "2412"]
[BlackElo "2550"]
[PlyCount "99"]
[EventDate "2003.05.04"]

1. c4 c6 2. Nf3 d5 3. e3 Nf6 4. Nc3 a6 5. d4 b5 6. b3 Bg4 7. Be2 Nbd7 8. O-O e6
9. h3 Bh5 10. Bb2 Qb8 11. Ne5 Bxe2 12. Qxe2 Nxe5 13. dxe5 Nd7 14. cxd5 cxd5 15.
Rad1 Nxe5 16. f4 Nc6 17. f5 Qg3 18. Rf3 Qc7 19. fxe6 fxe6 20. Rc1 Qd7 21. Rff1
Ne7 22. e4 d4 23. Qf3 Ng6 24. e5 Rd8 25. Ne4 Nxe5 26. Qg3 Qd5 27. Rce1 Nf7 28.
Kh1 a5 29. Rf6 e5 30. Rf5 Qe6 31. Ref1 Rd7 32. Ng5 Nxg5 33. Rxe5 Bd6 34. Rxe6+
Nxe6 35. Qg4 Re7 36. Bxd4 Rf8 37. Rxf8+ Kxf8 38. Bf2 g6 39. g3 Ng7 40. Qc8+ Kf7
41. Qc6 Bb4 42. Qxb5 Nf5 43. g4 Nd6 44. Qd5+ Ke8 45. Bh4 Rc7 46. Qg8+ Kd7 47.
Qxh7+ Kc8 48. Qxg6 Rc1+ 49. Kg2 Bc5 50. Bf2 1-0

[Event "4NCL/Div1/SLO1 vs. GUI1"]
[Site "West Bromwich ENG"]
[Date "2003.05.04"]
[Round "10.4"]
[White "Gallagher, Joseph G"]
[Black "Wohl, Aleksandar H"]
[Result "1-0"]
[WhiteElo "2515"]
[BlackElo "2401"]
[PlyCount "72"]
[EventDate "2003.05.04"]

1. e4 Nf6 2. e5 Nd5 3. d4 d6 4. Nf3 dxe5 5. Nxe5 c6 6. Bc4 Nd7 7. Nf3 b5 8. Bb3
e6 9. O-O Bb7 10. Nbd2 c5 11. c4 bxc4 12. Nxc4 Be7 13. Bg5 O-O 14. Bxe7 Nxe7
15. Nd6 Bxf3 16. Qxf3 cxd4 17. Nxf7 Qb6 18. Rac1 Rae8 19. Rfe1 Ng6 20. Rc6 Qa5
21. Qd1 Nf4 22. Nd6 Qg5 23. Qf3 Ne5 24. Qg3 Qf6 25. Nxe8 Rxe8 26. Rd6 d3 27. h3
Ne2+ 28. Rxe2 dxe2 29. Qe3 Ng6 30. Rxe6 Rxe6 31. Bxe6+ Kf8 32. Bc4 Qxb2 33.
Qxe2 Qa1+ 34. Qf1 Qd4 35. Qd3 Qa1+ 36. Kh2 Ne5 1-0

[Event "4NCL/Div1/SLO1 vs. GUI1"]
[Site "West Bromwich ENG"]
[Date "2003.05.04"]
[Round "10.5"]
[White "Devereaux, Maxim"]
[Black "Flear, Glenn C"]
[Result "0-1"]
[WhiteElo "2305"]
[BlackElo "2509"]
[PlyCount "98"]
[EventDate "2003.05.04"]

1. e4 e5 2. Nf3 Nc6 3. d4 exd4 4. Nxd4 Bc5 5. Nxc6 Qf6 6. Qd2 bxc6 7. Bd3 Ne7
8. O-O Ng6 9. Kh1 Ne5 10. Be2 Qh4 11. Qf4 Qxf4 12. Bxf4 d6 13. Nc3 O-O 14. Na4
Ng6 15. Bg5 h6 16. Bd2 Bd4 17. Ba5 Bb6 18. Nxb6 axb6 19. Bd2 Ba6 20. Rfe1 Bxe2
21. Rxe2 Rfe8 22. a4 c5 23. b3 Re6 24. Rae1 Ne7 25. g3 Nc6 26. Bc3 Rae8 27. Re3
Nd4 28. Bxd4 cxd4 29. R3e2 f5 30. f3 Re5 31. c3 dxc3 32. Rc2 fxe4 33. Rxe4 Rxe4
34. fxe4 Rxe4 35. Rxc3 c5 36. Rd3 Re6 37. Kg2 Kf7 38. b4 Ke7 39. a5 bxa5 40.
bxa5 Re2+ 41. Kf3 Ra2 42. Re3+ Kd7 43. Ke4 Rxa5 44. Kf5 c4+ 45. Kg6 Rg5+ 46.
Kf7 d5 47. Re7+ Kd6 48. Re8 d4 49. Rd8+ Kc5 0-1

[Event "4NCL/Div1/SLO1 vs. GUI1"]
[Site "West Bromwich ENG"]
[Date "2003.05.04"]
[Round "10.6"]
[White "Hebden, Mark L"]
[Black "de Coverly, Roger"]
[Result "1-0"]
[WhiteElo "2526"]
[BlackElo "2091"]
[PlyCount "101"]
[EventDate "2003.05.04"]

1. d4 Nf6 2. Nf3 e6 3. c4 d5 4. Bg5 c6 5. Nc3 Nbd7 6. e3 Qa5 7. Bxf6 Nxf6 8. a3
Ne4 9. Qb3 Be7 10. Bd3 O-O 11. O-O Nxc3 12. bxc3 dxc4 13. Bxc4 c5 14. d5 exd5
15. Bxd5 Bf6 16. Rac1 Bg4 17. Nd2 Rab8 18. Ne4 Be7 19. c4 b5 20. Qb2 Bf5 21.
Qe5 Bxe4 22. Bxe4 Rbe8 23. Bc6 Bf6 24. Qxc5 Re5 25. Qb4 Qxb4 26. axb4 bxc4 27.
Rxc4 Rb8 28. b5 Bd8 29. Rd1 Re7 30. g3 Bb6 31. Kg2 g6 32. h4 h5 33. g4 hxg4 34.
Rxg4 Re5 35. Rd5 Rxd5 36. Bxd5 Rd8 37. Rxg6+ Kf8 38. Rg5 Ke7 39. Rf5 Rg8+ 40.
Kf3 Rg7 41. h5 Rh7 42. Ke4 f6 43. Bc4 Rh8 44. Rd5 Rh6 45. Be2 Rh8 46. Bg4 Rg8
47. Rd7+ Ke8 48. Bf5 Rg2 49. h6 Kf8 50. h7 Rh2 51. Kd5 1-0

[Event "4NCL/Div1/SLO1 vs. GUI1"]
[Site "West Bromwich ENG"]
[Date "2003.05.04"]
[Round "10.7"]
[White "Purton, Ben"]
[Black "Cherniaev, Alexander"]
[Result "0-1"]
[WhiteElo "2062"]
[BlackElo "2501"]
[PlyCount "98"]
[EventDate "2003.05.04"]

1. d4 Nf6 2. Nf3 g6 3. e3 Bg7 4. c4 O-O 5. Be2 c5 6. O-O cxd4 7. exd4 d5 8. Ne5
Nc6 9. Nc3 Be6 10. Nxc6 bxc6 11. c5 Qc7 12. Rb1 Bf5 13. Bd3 Ng4 14. g3 Bxd3 15.
Qxd3 e5 16. dxe5 Nxe5 17. Qd1 Rfe8 18. b4 Qd7 19. f3 Nc4 20. Qd3 Qe6 21. Bf4 g5
22. Bc1 h6 23. b5 cxb5 24. Rxb5 Rad8 25. Rb4 Qc6 26. Rxc4 dxc4 27. Qxc4 Rd4 28.
Qb5 Qxb5 29. Nxb5 Rd3 30. Kg2 a6 31. Nc7 Re2+ 32. Rf2 Rxf2+ 33. Kxf2 Bd4+ 34.
Ke2 Rc3 35. Bd2 Rxc5 36. Nxa6 Rc2 37. Nb4 Rb2 38. Kd3 Bc5 39. a3 Bg1 40. Kc3
Rb1 41. h4 Rf1 42. hxg5 Rxf3+ 43. Nd3 h5 44. a4 Rxg3 45. a5 h4 46. Be1 Rg4 47.
a6 h3 48. Bf2 h2 49. a7 h1=Q 0-1

[Event "4NCL/Div1/SLO1 vs. GUI1"]
[Site "West Bromwich ENG"]
[Date "2003.05.04"]
[Round "10.8"]
[White "Gormally, Daniel W"]
[Black "Roberson, Peter T"]
[Result "1-0"]
[WhiteElo "2496"]
[BlackElo "1792"]
[PlyCount "81"]
[EventDate "2003.05.04"]

1. d4 Nf6 2. Nf3 e6 3. c4 c5 4. d5 d6 5. Nc3 exd5 6. cxd5 g6 7. e4 a6 8. h3 b5
9. Bd3 Bg7 10. O-O O-O 11. Re1 Re8 12. a3 Ra7 13. Bf4 Rae7 14. Qc2 Qc7 15. Rac1
Nbd7 16. b4 Bb7 17. Qd2 Qb6 18. Bb1 Rc8 19. Be3 Qd8 20. Bf4 Qb6 21. Bd3 Rce8
22. Bg5 Rc8 23. Bh6 Bh8 24. Nh4 Ne5 25. Bf1 Nfd7 26. Qg5 Bf6 27. Qg3 Kh8 28.
Be3 Qd8 29. Bg5 Re8 30. Bxf6+ Nxf6 31. Nf3 Qe7 32. Nd2 Ned7 33. Nb3 c4 34. Na5
Rc7 35. Qe3 Qf8 36. Qd4 Qg7 37. a4 bxa4 38. Nxc4 Qf8 39. Nxa4 Qe7 40. Na5 Ne5
41. f4 1-0

[Event "4NCL/Div1/BAR1 vs. BRI1"]
[Site "West Bromwich ENG"]
[Date "2003.05.05"]
[Round "11.1"]
[White "Parker, Jonathan"]
[Black "Beaumont, Chris"]
[Result "1-0"]
[WhiteElo "2545"]
[BlackElo "2328"]
[PlyCount "65"]
[EventDate "2003.05.05"]

1. d4 d6 2. e4 Nf6 3. Nc3 g6 4. f4 Bg7 5. Nf3 c5 6. Bb5+ Bd7 7. e5 Ng4 8. Bxd7+
Qxd7 9. d5 dxe5 10. h3 e4 11. Nxe4 Nf6 12. Nxf6+ Bxf6 13. O-O O-O 14. Ne5 Qd6
15. Be3 Nd7 16. Nxd7 Qxd7 17. Bxc5 Bxb2 18. Rb1 Bf6 19. Bd4 Qxd5 20. Bxf6 Qxd1
21. Rfxd1 exf6 22. Rxb7 a5 23. c4 Rac8 24. Rc1 Rc5 25. Rb5 Rfc8 26. Rxc5 Rxc5
27. Kf2 Kf8 28. Ke3 Ke7 29. Kd4 Rf5 30. Rf1 g5 31. g4 Rxf4+ 32. Rxf4 gxf4 33.
Ke4 1-0

[Event "4NCL/Div1/BAR1 vs. BRI1"]
[Site "West Bromwich ENG"]
[Date "2003.05.05"]
[Round "11.2"]
[White "Cobb, Charles"]
[Black "Webster, Andrew"]
[Result "1/2-1/2"]
[WhiteElo "2331"]
[BlackElo "2418"]
[PlyCount "59"]
[EventDate "2003.05.05"]

1. c4 Nc6 2. Nf3 e5 3. Nc3 Nf6 4. e3 Bb4 5. Qc2 O-O 6. Nd5 Re8 7. Qf5 d6 8.
Nxf6+ Qxf6 9. Qxf6 gxf6 10. a3 Bc5 11. b4 Bb6 12. Bb2 a5 13. b5 Ne7 14. d4 c5
15. dxe5 fxe5 16. O-O-O Bc7 17. Nd2 Bg4 18. Ne4 Bxd1 19. Nf6+ Kg7 20. Nxe8+
Rxe8 21. Kxd1 d5 22. cxd5 Nxd5 23. Bd3 h6 24. Be4 Rd8 25. Kc2 Kf6 26. Rd1 Ke6
27. g4 c4 28. Bf5+ Kf6 29. Be4 Ke6 30. Bf5+ 1/2-1/2

[Event "4NCL/Div1/BAR1 vs. BRI1"]
[Site "West Bromwich ENG"]
[Date "2003.05.05"]
[Round "11.5"]
[White "Knott, Simon"]
[Black "Headlong, Timothy"]
[Result "1-0"]
[WhiteElo "2391"]
[BlackElo "2208"]
[PlyCount "111"]
[EventDate "2003.05.05"]

1. Nf3 d5 2. d4 e6 3. c4 c5 4. cxd5 exd5 5. g3 Nc6 6. Bg2 Nf6 7. O-O Be7 8. Nc3
O-O 9. Bg5 cxd4 10. Nxd4 h6 11. Be3 Re8 12. Rc1 Bf8 13. Qb3 Na5 14. Qb5 Bd7 15.
Qd3 Bg4 16. h3 Be6 17. Nxe6 fxe6 18. Rcd1 Nc4 19. Bc1 Qa5 20. e4 Ne5 21. Qb5
Bb4 22. Qxa5 Bxa5 23. exd5 Bxc3 24. bxc3 exd5 25. Bxd5+ Nxd5 26. Rxd5 Nf3+ 27.
Kg2 Ne1+ 28. Kh1 Re2 29. Be3 Nc2 30. Bf4 g5 31. Rd2 Rae8 32. Rxe2 Rxe2 33. Bb8
a6 34. Ba7 Ne1 35. a4 Kg7 36. f4 gxf4 37. Rxf4 Nd3 38. Rf5 Nb2 39. Bd4+ Kg8 40.
Rf6 Nxa4 41. Rxh6 Rc2 42. Rh8+ Kf7 43. Rh7+ Ke6 44. Rxb7 Nxc3 45. Bxc3 Rxc3 46.
Kg2 Ra3 47. h4 Kf6 48. Kh3 Kg6 49. Rb6+ Kg7 50. h5 Kh7 51. Kh4 Kg7 52. g4 Ra4
53. h6+ Kh7 54. Kh5 Ra1 55. Rb7+ Kg8 56. h7+ 1-0

[Event "4NCL/Div1/BAR1 vs. BRI1"]
[Site "West Bromwich ENG"]
[Date "2003.05.05"]
[Round "11.6"]
[White "Collier, David O"]
[Black "Ferguson, Mark"]
[Result "1/2-1/2"]
[WhiteElo "2273"]
[BlackElo "2377"]
[PlyCount "24"]
[EventDate "2003.05.05"]

1. d4 d5 2. c4 c6 3. Nf3 Nf6 4. Nc3 dxc4 5. a4 Bf5 6. e3 e6 7. Bxc4 Bb4 8. O-O
O-O 9. Qe2 Bg6 10. Ne5 Nbd7 11. Nxg6 hxg6 12. Rd1 Qa5 1/2-1/2

[Event "4NCL/Div1/BAR1 vs. BRI1"]
[Site "West Bromwich ENG"]
[Date "2003.05.05"]
[Round "11.8"]
[White "Headlong, Fenella"]
[Black "Lauterbach, Ingrid"]
[Result "0-1"]
[WhiteElo "1672"]
[BlackElo "2144"]
[PlyCount "52"]
[EventDate "2003.05.05"]

1. e4 d6 2. d4 Nf6 3. Nc3 g6 4. Bd3 c6 5. f4 Bg7 6. Nf3 Qb6 7. O-O e5 8. Na4
Qa5 9. dxe5 dxe5 10. fxe5 Ng4 11. Nc3 Qc5+ 12. Kh1 Nf2+ 13. Rxf2 Qxf2 14. Bf4
Bg4 15. Be2 O-O 16. Qd6 Nd7 17. h3 Be6 18. Bg5 Qb6 19. b4 h6 20. Be7 Rfe8 21.
Na4 Qf2 22. Bc4 Bxc4 23. Qxd7 Bf1 24. Nh4 Bxe5 25. Bc5 Qg3 26. Bg1 Bb5 0-1

[Event "4NCL/Div1/RIC vs. BET"]
[Site "West Bromwich ENG"]
[Date "2003.05.05"]
[Round "11.1"]
[White "Rotchev, Iouri"]
[Black "Ledger, Andrew J"]
[Result "0-1"]
[WhiteElo "2350"]
[BlackElo "2428"]
[PlyCount "120"]
[EventDate "2003.05.05"]

1. c4 Nf6 2. Nc3 d5 3. cxd5 Nxd5 4. Nf3 c5 5. g3 Nc6 6. Bg2 g6 7. d3 {(=)} 7...
Bg7 8. Bd2 O-O 9. O-O Nxc3 10. bxc3 h6 11. Rb1 Qc7 12. Qa4 Bf5 13. Ne1 Bd7 14.
Qf4 e5 15. Qh4 g5 16. Qe4 Rad8 17. h4 g4 18. Nc2 Be6 19. Qa4 c4 20. d4 exd4 21.
cxd4 Qd7 22. Qa3 Rfe8 23. e3 Bf5 24. Rfc1 b6 25. Qa6 Ne5 26. Qb5 Qc8 27. dxe5
Rxd2 28. e4 Rxe5 29. Qb4 c3 30. Ne3 a5 31. Qxc3 Qxc3 32. Rxc3 Bxe4 33. Bxe4
Rxe4 34. Rc8+ Kh7 35. Rxb6 Bd4 36. Rb3 Bxe3 37. fxe3 a4 38. Rbc3 Rb4 39. a3
Rbb2 40. Rc1 Rg2+ 41. Kh1 Rh2+ 42. Kg1 Rbg2+ 43. Kf1 Rxg3 44. R1c3 Rf3+ 45. Kg1
Ra2 46. Rf8 Kg7 47. Rcc8 Rxe3 48. Rg8+ Kf6 49. Kf1 Rf3+ 50. Kg1 Rd3 51. Rc1 h5
52. Rf1+ Rf3 53. Rxf3+ gxf3 54. Ra8 Rxa3 55. Kf2 Kf5 56. Rc8 Kg4 57. Rc4+ Kh3
58. Rd4 Ra1 59. Kxf3 a3 60. Rd2 Kxh4 0-1

[Event "4NCL/Div1/RIC vs. BET"]
[Site "West Bromwich ENG"]
[Date "2003.05.05"]
[Round "11.2"]
[White "Pert, Nicholas"]
[Black "Hinks-Edwards, Thomas"]
[Result "1-0"]
[WhiteElo "2484"]
[BlackElo "2343"]
[PlyCount "93"]
[EventDate "2003.05.05"]

1. d4 e6 2. c4 b6 3. Nf3 Bb7 4. Nc3 Bb4 5. Bg5 Nf6 6. Nd2 c5 7. a3 Ba5 8. Nb5
O-O 9. e3 d5 10. Bxf6 Qxf6 11. Nc7 dxc4 12. Bxc4 Bxg2 13. Rg1 Bf3 14. Be2 Bxe2
15. Kxe2 Nc6 16. Nxa8 Rxa8 17. Ne4 Qh4 18. Qc2 h6 19. b4 Bxb4 20. axb4 Nxb4 21.
Qb1 f5 22. Nd2 Nd5 23. Qd3 Qxh2 24. Nf3 Qd6 25. Rg6 Ne7 26. Rg2 c4 27. Qxc4 Rc8
28. Qb3 Rc7 29. Rgg1 f4 30. Rac1 Rxc1 31. Rxc1 fxe3 32. fxe3 Nf5 33. Ne5 Kh7
34. Kd3 Qe7 35. Rg1 Nd6 36. Qc2 Nf5 37. Qb3 Nd6 38. Qc2 Nf5 39. Qa2 Qb4 40. Rb1
Qe7 41. Ra1 Qg5 42. Qf2 Qe7 43. Qg2 Qe8 44. Qc6 Qe7 45. Nd7 Qb4 46. Qxe6 Nd6
47. Nf6+ 1-0

[Event "4NCL/Div1/RIC vs. BET"]
[Site "West Bromwich ENG"]
[Date "2003.05.05"]
[Round "11.5"]
[White "Nixon, Thomas CM"]
[Black "Eames, Robert G"]
[Result "1-0"]
[WhiteElo "2206"]
[BlackElo "2313"]
[PlyCount "77"]
[EventDate "2003.05.05"]

1. d4 Nf6 2. c4 c5 3. d5 b5 4. cxb5 a6 5. f3 axb5 6. e4 Qa5+ 7. Bd2 b4 8. Na3
e6 9. Nc4 Qc7 10. Bg5 Ba6 11. d6 Qc6 12. e5 Nd5 13. Bd2 g5 14. Bd3 Bg7 15. Qe2
f6 16. h4 Bxc4 17. Bxc4 fxe5 18. hxg5 Qxd6 19. Qe4 Nc6 20. Rxh7 Rxh7 21. Qxh7
Kf8 22. Ne2 Nb6 23. Bd3 Qe7 24. Ng3 c4 25. g6 cxd3 26. Bh6 d2+ 27. Kd1 Ke8 28.
Bxg7 Kd8 29. Ne4 Kc7 30. Bf6 Qf8 31. g7 Qf7 32. Bg5 Nd5 33. Bxd2 Rg8 34. Rc1
Rxg7 35. Qh2 Nf4 36. Qg1 Nxg2 37. Rxc6+ dxc6 38. Qa7+ Kd8 39. Bg5+ 1-0

[Event "4NCL/Div1/RIC vs. BET"]
[Site "West Bromwich ENG"]
[Date "2003.05.05"]
[Round "11.6"]
[White "Pert, Richard G"]
[Black "Franklin, Michael J"]
[Result "1-0"]
[WhiteElo "2393"]
[BlackElo "2222"]
[PlyCount "45"]
[EventDate "2003.05.05"]

1. d4 Nf6 2. Bg5 d6 3. Nc3 c6 4. Qd2 g6 5. e4 Bg7 6. Bh6 Bxh6 7. Qxh6 Qa5 8.
Bd3 Be6 9. Nf3 Nbd7 10. O-O Qh5 11. Qd2 O-O 12. Ne2 Kg7 13. Nf4 Qh6 14. Nxe6+
fxe6 15. Ng5 Kg8 16. f4 Nh5 17. Nxe6 Rf6 18. Bc4 Nb6 19. Bb3 d5 20. exd5 cxd5
21. Rae1 Nc4 22. Bxc4 dxc4 23. g4 1-0

[Event "4NCL/Div1/RIC vs. BET"]
[Site "West Bromwich ENG"]
[Date "2003.05.05"]
[Round "11.7"]
[White "Webb, Laurence E"]
[Black "Ledger, Stephen C"]
[Result "1-0"]
[WhiteElo "2283"]
[BlackElo "2199"]
[PlyCount "135"]
[EventDate "2003.05.05"]

1. e4 c5 2. Nf3 Nc6 3. Bb5 g6 4. O-O Bg7 5. Re1 Nf6 6. Nc3 O-O 7. e5 Ne8 8. d3
Nc7 9. Bc4 b6 10. Bg5 Bb7 11. Qd2 Ne6 12. Bh6 Ncd4 13. Nxd4 Nxd4 14. Ne4 Qc7
15. Bxg7 Kxg7 16. c3 Ne6 17. f4 d5 18. exd6 exd6 19. Bxe6 Bxe4 20. Rxe4 fxe6
21. Rxe6 Rae8 22. Rae1 Qf7 23. Rxe8 Rxe8 24. Rxe8 Qxe8 25. Kf2 Qe6 26. b3 a5
27. Qe3 Qd7 28. Qe4 b5 29. Qd5 b4 30. c4 Qe7 31. d4 Qf6 32. Ke3 Qh4 33. dxc5
Qe1+ 34. Kf3 Qc3+ 35. Ke2 Qc2+ 36. Qd2 Qe4+ 37. Kf2 dxc5 38. h3 a4 39. Kg3 axb3
40. axb3 h5 41. Qd7+ Kh6 42. Qd2 Kh7 43. Kf2 h4 44. Qe3 Qc2+ 45. Kg1 Qd1+ 46.
Kh2 Qd6 47. Kg1 Kg7 48. Kf2 Kf6 49. Kf3 Qd1+ 50. Ke4 Qd6 51. Qd3 Qe6+ 52. Kf3
Qe1 53. Kg4 Qf2 54. Qf3 Qe1 55. f5 gxf5+ 56. Qxf5+ Kg7 57. Qg5+ Kf7 58. Qf4+
Kg6 59. Qf5+ Kg7 60. Kh5 Kg8 61. Qxc5 Qd1+ 62. Kg6 Qc2+ 63. Kf6 Qb2+ 64. Qe5
Qf2+ 65. Qf5 Qb2+ 66. Qe5 Qf2+ 67. Ke7 Qxg2 68. Qd5+ 1-0

[Event "4NCL/Div1/RIC vs. BET"]
[Site "West Bromwich ENG"]
[Date "2003.05.05"]
[Round "11.8"]
[White "Tidman, Sophie"]
[Black "Wilson, Alexandra"]
[Result "1-0"]
[WhiteElo "2129"]
[BlackElo "2037"]
[PlyCount "57"]
[EventDate "2003.05.05"]

1. e4 c6 2. d4 d5 3. e5 Bf5 4. Nc3 Qb6 5. Nf3 e6 6. Bd3 Bxd3 7. Qxd3 Nd7 8. O-O
Ne7 9. Na4 Qc7 10. b3 b5 11. Nb2 a6 12. c4 bxc4 13. bxc4 c5 14. Be3 Nc6 15.
Rac1 Qa7 16. Qd2 Rd8 17. cxd5 exd5 18. Bg5 Be7 19. e6 fxe6 20. Rfe1 e5 21. dxe5
Nf8 22. e6 h6 23. Bxe7 Qxe7 24. Na4 c4 25. Nb6 Qc5 26. Na4 Qe7 27. Qf4 Nxe6 28.
Rxe6 Qxe6 29. Re1 1-0

[Event "4NCL/Div1/GUI1 vs. WGR1"]
[Site "West Bromwich ENG"]
[Date "2003.05.05"]
[Round "11.2"]
[White "Short, Nigel"]
[Black "Stefanova, Antoaneta"]
[Result "1-0"]
[WhiteElo "2686"]
[BlackElo "2550"]
[PlyCount "105"]
[EventDate "2003.05.05"]

1. e4 e5 2. Nf3 Nc6 3. Bc4 Bc5 4. Nc3 Nf6 5. d3 a6 6. Be3 d6 7. h3 Bxe3 8. fxe3
Na5 9. Bb3 O-O 10. O-O Nxb3 11. axb3 d5 12. Nxe5 dxe4 13. d4 Nd5 14. Rxf7 Rxf7
15. Nxf7 Nxc3 16. Nxd8 Nxd1 17. Rxd1 a5 18. Rf1 a4 19. bxa4 Rxa4 20. Rf7 Rc4
21. c3 b5 22. Re7 Kf8 23. Rxe4 b4 24. cxb4 Rxb4 25. Ne6+ Bxe6 26. Rxe6 Rxb2 27.
Re5 Kf7 28. Kh2 Rb3 29. Kg3 c5 30. dxc5 Rc3 31. Kf4 Kf6 32. g4 h6 33. h4 Rc4+
34. e4 Rc3 35. g5+ hxg5+ 36. hxg5+ Kf7 37. Rd5 Ke6 38. Rd6+ Ke7 39. Rg6 Rxc5
40. Rxg7+ Ke6 41. Kg4 Rc4 42. Kh5 Rxe4 43. Ra7 Re1 44. g6 Rh1+ 45. Kg5 Rh2 46.
Rf7 Rh1 47. Rf2 Ke7 48. g7 Rg1+ 49. Kh6 Rh1+ 50. Kg6 Rg1+ 51. Kh7 Rh1+ 52. Kg8
Ra1 53. Rh2 1-0

[Event "4NCL/Div1/GUI1 vs. WGR1"]
[Site "West Bromwich ENG"]
[Date "2003.05.05"]
[Round "11.3"]
[White "Kosten, Anthony C"]
[Black "Ward, Christopher"]
[Result "1/2-1/2"]
[WhiteElo "2545"]
[BlackElo "2516"]
[PlyCount "115"]
[EventDate "2003.05.05"]

1. Nf3 c5 2. c4 g6 3. d4 Bg7 4. e4 Qb6 5. dxc5 Qxc5 6. Be2 d6 7. O-O Bg4 8. Be3
Qa5 9. Nd4 Bxe2 10. Qxe2 Nc6 11. Nxc6 bxc6 12. c5 Qb5 13. Qxb5 cxb5 14. Nc3
Bxc3 15. bxc3 dxc5 16. e5 e6 17. Rfb1 a6 18. a4 b4 19. cxb4 cxb4 20. Rxb4 Ne7
21. Rb7 Rc8 22. Rc1 Rxc1+ 23. Bxc1 O-O 24. Bg5 Nc6 25. f4 Rb8 26. Rc7 Nb4 27.
Ra7 Nd5 28. Bh6 Ne3 29. h3 Nf5 30. Bg5 h6 31. Bf6 Nd4 32. Kf2 Rb2+ 33. Ke3 Nf5+
34. Kd3 Rb3+ 35. Kc4 Rb8 36. Kc5 Ne3 37. g3 Rc8+ 38. Kb6 g5 39. fxg5 hxg5 40.
Bxg5 Nc4+ 41. Kb7 Rc5 42. Rxa6 Rxe5 43. Bf4 Re1 44. Ra8+ Kg7 45. Bc7 Rb1+ 46.
Kc6 Rc1 47. Kd7 e5 48. a5 e4 49. Re8 e3 50. Re4 f5 51. Re7+ Kf6 52. Bd8 Ne5+
53. Ke8 Rc6 54. Rc7+ Kg6 55. Re7 Kf6 56. Rc7+ Kg6 57. Re7 Kf6 58. Rc7+ 1/2-1/2

[Event "4NCL/Div1/GUI1 vs. WGR1"]
[Site "West Bromwich ENG"]
[Date "2003.05.05"]
[Round "11.4"]
[White "Baburin, Alexander"]
[Black "Conquest, Stuart C"]
[Result "1-0"]
[WhiteElo "2558"]
[BlackElo "2556"]
[PlyCount "53"]
[EventDate "2003.05.05"]

1. d4 d5 2. c4 c6 3. e3 Nf6 4. Nf3 g6 5. Bd3 Bg7 6. O-O O-O 7. Nc3 Bg4 8. h3
Bxf3 9. Qxf3 Qd6 10. b3 e5 11. dxe5 Qxe5 12. Bb2 dxc4 13. Bxc4 Nbd7 14. Rad1
Rad8 15. e4 Qa5 16. Qe3 Rfe8 17. Rd2 b5 18. Bd3 Nb6 19. Nb1 Nfd7 20. Bxg7 Kxg7
21. Rfd1 Nd5 22. Qd4+ N5f6 23. b4 Qc7 24. Bc2 a5 25. bxa5 Qxa5 26. Qc3 Qb6 27.
Rxd7 1-0

[Event "4NCL/Div1/GUI1 vs. WGR1"]
[Site "West Bromwich ENG"]
[Date "2003.05.05"]
[Round "11.5"]
[White "Plaskett, James"]
[Black "Lalic, Bogdan"]
[Result "1-0"]
[WhiteElo "2471"]
[BlackElo "2549"]
[PlyCount "115"]
[EventDate "2003.05.05"]

1. d4 Nf6 2. Nf3 g6 3. c4 Bg7 4. Nc3 O-O 5. Bg5 h6 6. Bh4 d6 7. e3 Nbd7 8. Qc2
g5 9. Bg3 Nh5 10. Bd3 e6 11. O-O f5 12. b4 a5 13. a3 f4 14. exf4 Nxf4 15. b5 g4
16. Nh4 Bxd4 17. Rae1 Nc5 18. Bh7+ Kh8 19. Ne2 Nxe2+ 20. Rxe2 Rf6 21. Rd1 e5
22. Rxd4 exd4 23. Ng6+ Kg7 24. Re7+ Qxe7 25. Nxe7 Re6 26. f4 d3 27. Bxd3 Rxe7
28. Bh7 Re6 29. Bh4 Bd7 30. f5 Re4 31. Bg6 Rf8 32. Qc3+ Kg8 33. f6 Re5 34. Qc1
g3 35. hxg3 Ne4 36. Qxh6 Nxf6 37. g4 Re7 38. Bxf6 Rxf6 39. Qg5 Rfe6 40. Bf5+
Rg7 41. Bxe6+ Bxe6 42. Qd8+ Kh7 43. Qe8 Bxg4 44. Qe4+ Kh6 45. Qxb7 Bh3 46. g3
Be6 47. Qf3 Kg6 48. Qe3 Kf6 49. Qa7 Kg6 50. Qxa5 Bxc4 51. Qb4 d5 52. a4 Rf7 53.
a5 Rf3 54. b6 cxb6 55. axb6 Rxg3+ 56. Kf2 Rb3 57. Qxb3 Bxb3 58. b7 1-0